[Event "Ljubljana-chT 67th Superliga"]
[Site "Ljubljana"]
[Date "2014.02.13"]
[Round "5.2"]
[White "Oberc, Marjan"]
[Black "Brcar, Ales"]
[Result "1/2-1/2"]
[WhiteElo "2028"]
[BlackElo "2035"]
[PlyCount "23"]
[EventDate "2014.01.09"]
[EventType "team-tourn"]
[EventRounds "9"]
[EventCountry "SLO"]
[SourceTitle "EXT 2022"]
[Source "ChessBase"]
[SourceDate "2021.10.06"]
[SourceVersion "1"]
[SourceVersionDate "2021.10.06"]
[SourceQuality "1"]
[WhiteTeam "Trzin Buscotrade"]
[BlackTeam "Mentor"]
[WhiteTeamCountry "SLO"]
[BlackTeamCountry "SLO"]

1. e4 e5 2. Nf3 Nc6 3. Bb5 a6 4. Ba4 Nf6 5. d4 exd4 6. 0-0 Be7 7. Re1 b5 8. Bb3 d6 9. Bd5 Nxd5 10. exd5 Ne5 11. Nxd4 0-0 12. a4 1/2-1/2

[Event "Ljubljana-chT 67th Superliga"]
[Site "Ljubljana"]
[Date "2014.01.16"]
[Round "2.2"]
[White "Solmajer, Luka"]
[Black "Oberc, Marjan"]
[Result "0-1"]
[WhiteElo "2101"]
[BlackElo "2028"]
[PlyCount "70"]
[EventDate "2014.01.09"]
[EventType "team-tourn"]
[EventRounds "9"]
[EventCountry "SLO"]
[SourceTitle "EXT 2022"]
[Source "ChessBase"]
[SourceDate "2021.10.06"]
[SourceVersion "1"]
[SourceVersionDate "2021.10.06"]
[SourceQuality "1"]
[WhiteTeam "Klinicni Center"]
[BlackTeam "Trzin Buscotrade"]
[WhiteTeamCountry "SLO"]
[BlackTeamCountry "SLO"]

1. d4 Nf6 2. c4 e6 3. Nf3 d5 4. Nc3 dxc4 5. e4 Bb4 6. Qc2 b5 7. e5 Nd5 8. a4 c6 9. Be2 Bb7 10. 0-0 a6 11. Ne4 h6 12. Bd2 0-0 13. Bxb4 Nxb4 14. Qc1 Qd5 15. Nf6+ gxf6 16. Qxh6 Qe4 17. Qxf6 Nd5 18. Qg5+ Kh8 19. Qh6+ Kg8 20. Ra3 Nf4 21. Nh4 Nxe2+ 22. Kh1 Qh7 23. Qd2 Rd8 24. Qxe2 Rxd4 25. Nf3 Rd3 26. Ng5 Qg6 27. Ne4 Nd7 28. f4 c5 29. f5 exf5 30. Nd6 b4 31. Rxd3 cxd3 32. Qf2 Be4 33. Re1 Nxe5 34. Rxe4 fxe4 35. Nf5 Re8 0-1

[Event "SLO-chT Central Superliga 14th"]
[Site "Slovenia"]
[Date "2013.11.21"]
[Round "8.2"]
[White "Oberc, Marjan"]
[Black "Butala, Marjan"]
[Result "1-0"]
[WhiteElo "2014"]
[BlackElo "2049"]
[PlyCount "85"]
[EventDate "2013.09.19"]
[EventType "team-tourn"]
[EventRounds "9"]
[EventCountry "SLO"]
[SourceTitle "EXT 2022"]
[Source "ChessBase"]
[SourceDate "2021.10.06"]
[SourceVersion "1"]
[SourceVersionDate "2021.10.06"]
[SourceQuality "1"]
[WhiteTeam "Trzin Buscotrade"]
[BlackTeam "Visnja Gora Sticna"]
[WhiteTeamCountry "SLO"]
[BlackTeamCountry "SLO"]

1. e4 d6 2. d4 Nf6 3. Nc3 g6 4. f4 Bg7 5. Nf3 0-0 6. Bd3 Nc6 7. 0-0 Bg4 8. Be3 e5 9. fxe5 dxe5 10. dxe5 Nxe5 11. Be2 Nxf3+ 12. Bxf3 Bxf3 13. Qxf3 Qe7 14. Kh1 Qe5 15. Rad1 Rad8 16. Rd3 h5 17. Bf4 Qc5 18. Rxd8 Rxd8 19. b4 Qc6 20. Bg5 Rd7 21. Bxf6 Bxf6 22. Qxf6 Qxf6 23. Rxf6 Rd2 24. Rf3 Rxc2 25. h4 Kf8 26. Kh2 c6 27. a4 a6 28. b5 axb5 29. axb5 Ke7 30. bxc6 bxc6 31. Kg3 Ke6 32. Rd3 Ke5 33. Kf3 f6 34. g3 g5 35. Ne2 Rb2 36. Rc3 Kd6 37. Nd4 Rb6 38. Nf5+ Kd7 39. Ng7 gxh4 40. gxh4 Rb5 41. Rd3+ Ke7 42. Nf5+ Ke6 43. Nd4+ 1-0

[Event "SLO-chT Central Superliga 14th"]
[Site "Slovenia"]
[Date "2013.11.07"]
[Round "6.1"]
[White "Jeran, Bostjan"]
[Black "Oberc, Marjan"]
[Result "1-0"]
[WhiteElo "2199"]
[BlackElo "2014"]
[PlyCount "99"]
[EventDate "2013.09.19"]
[EventType "team-tourn"]
[EventRounds "9"]
[EventCountry "SLO"]
[SourceTitle "EXT 2022"]
[Source "ChessBase"]
[SourceDate "2021.10.06"]
[SourceVersion "1"]
[SourceVersionDate "2021.10.06"]
[SourceQuality "1"]
[WhiteTeam "Bor Dob"]
[BlackTeam "Trzin Buscotrade"]
[WhiteTeamCountry "SLO"]
[BlackTeamCountry "SLO"]

1. d4 Nf6 2. c4 e6 3. Nc3 d5 4. cxd5 exd5 5. Bg5 c6 6. e3 h6 7. Bh4 Bf5 8. Qf3 Bh7 9. Bxf6 Qxf6 10. Qxf6 gxf6 11. Nf3 Nd7 12. Nh4 Be7 13. g3 f5 14. Ng2 Nf8 15. Bd3 Ne6 16. f3 Kd7 17. Rd1 h5 18. h4 Rag8 19. Kf2 Bd6 20. Ne2 Rg7 21. Rhg1 Rhg8 22. Ne1 a5 23. Bb1 f6 24. Nd3 b6 25. Rc1 c5 26. dxc5 bxc5 27. b3 Kc6 28. Nb2 d4 29. exd4 f4 30. Bxh7 fxg3+ 31. Nxg3 Rxh7 32. Nf5 Rxg1 33. Kxg1 Bf4 34. Rc4 Nxd4 35. Nxd4+ Kd5 36. Nf5 Bc7 37. Kg2 Rh8 38. Nd3 Bb6 39. Kf2 Ra8 40. Ng7 a4 41. Nxh5 axb3 42. axb3 f5 43. Nhf4+ Kd6 44. h5 Rg8 45. Ng6 Rg7 46. Ke2 Rh7 47. Ndf4 Bd8 48. Ra4 Kc6 49. Ra8 Bf6 50. Ra6+ 1-0

[Event "SLO-chT Central Superliga 14th"]
[Site "Slovenia"]
[Date "2013.10.24"]
[Round "5.1"]
[White "Oberc, Marjan"]
[Black "Hribar, Bojan"]
[Result "0-1"]
[WhiteElo "2014"]
[BlackElo "2274"]
[PlyCount "132"]
[EventDate "2013.09.19"]
[EventType "team-tourn"]
[EventRounds "9"]
[EventCountry "SLO"]
[SourceTitle "EXT 2022"]
[Source "ChessBase"]
[SourceDate "2021.10.06"]
[SourceVersion "1"]
[SourceVersionDate "2021.10.06"]
[SourceQuality "1"]
[WhiteTeam "Trzin Buscotrade"]
[BlackTeam "Komenda Popotnik"]
[WhiteTeamCountry "SLO"]
[BlackTeamCountry "SLO"]

1. e4 e5 2. Nf3 Nc6 3. Bb5 Nf6 4. d4 Nxe4 5. Qe2 Nd6 6. Ba4 e4 7. d5 Qe7 8. dxc6 exf3 9. cxd7+ Bxd7 10. Bxd7+ Kxd7 11. gxf3 Qxe2+ 12. Kxe2 Re8+ 13. Be3 Nf5 14. Rd1+ Kc8 15. Nc3 Bd6 16. Rd5 g6 17. h3 Be5 18. Rd3 Nh4 19. Kf1 a6 20. f4 Bxc3 21. Rxc3 Re4 22. Bd2 Rd8 23. Rd3 Rxd3 24. cxd3 Rd4 25. Ke2 Kd7 26. Be3 Rb4 27. b3 a5 28. Rc1 b6 29. Rc4 Rb5 30. Re4 Nf5 31. Kd2 Rd5 32. a3 f6 33. Kc3 Nd6 34. Ra4 Rh5 35. b4 axb4+ 36. axb4 Rxh3 37. Ra1 Kc6 38. Kd4 Rh5 39. Rc1+ Kd7 40. Bd2 Ke6 41. Re1+ Kd7 42. Rc1 Rh4 43. Kd5 g5 44. Rg1 h6 45. Rg2 c6+ 46. Kd4 Ke6 47. Rg1 Nb5+ 48. Kc4 Rh2 49. Be3 Nd6+ 50. Kd4 Rh4 51. Kc3 b5 52. Re1 Kd5 53. Bd2 Rg4 54. Rh1 Nf5 55. Re1 h5 56. Re8 gxf4 57. Rd8+ Ke6 58. Rc8 Ne7 59. Rh8 Rg5 60. Kd4 Rd5+ 61. Ke4 f5+ 62. Kf3 Rxd3+ 63. Ke2 Rh3 64. Bxf4 Ng6 65. Rh6 Kf6 66. Bd6 Kg7 0-1

[Event "Ljubljana-chT 66th 1st League"]
[Site "Ljubljana"]
[Date "2013.03.14"]
[Round "8.2"]
[White "Oberc, Marjan"]
[Black "Simicak, Metod"]
[Result "1/2-1/2"]
[WhiteElo "2011"]
[BlackElo "1919"]
[PlyCount "64"]
[EventDate "2013.01.10"]
[EventType "team-tourn"]
[EventRounds "9"]
[EventCountry "SLO"]
[SourceTitle "EXT 2022"]
[Source "ChessBase"]
[SourceDate "2021.10.06"]
[SourceVersion "1"]
[SourceVersionDate "2021.10.06"]
[SourceQuality "1"]
[WhiteTeam "Trzin Buscotrade"]
[BlackTeam "Barob Smarca"]
[WhiteTeamCountry "SLO"]
[BlackTeamCountry "SLO"]

1. e4 e5 2. Nf3 Nf6 3. Nxe5 Qe7 4. Nf3 Qxe4+ 5. Be2 Bb4 6. 0-0 0-0 7. Nc3 Bxc3 8. dxc3 h6 9. Re1 d6 10. h3 Qa4 11. b3 Qd7 12. Bb2 Nc6 13. Bd3 Re8 14. Qd2 Qd8 15. c4 Be6 16. Re2 d5 17. cxd5 Bxd5 18. Rxe8+ Nxe8 19. Qf4 Qd6 20. Qf5 g6 21. Qg4 Nf6 22. Qg3 Qxg3 23. fxg3 Ne4 24. Ne5 Nb4 25. g4 Nxd3 26. Nxd3 c5 27. c4 Be6 28. Nf4 Re8 29. Re1 Bd7 30. Nd5 Bc6 31. Rd1 Kf8 32. a3 Rd8 1/2-1/2

[Event "SLO-chT Central Superliga 13th"]
[Site "Slovenia"]
[Date "2012.10.11"]
[Round "5.1"]
[White "Oberc, Marjan"]
[Black "Praznik, Anton"]
[Result "1/2-1/2"]
[WhiteElo "2049"]
[BlackElo "2132"]
[PlyCount "39"]
[EventDate "2012.09.13"]
[EventType "team-tourn"]
[EventRounds "7"]
[EventCountry "SLO"]
[SourceTitle "EXT 2022"]
[Source "ChessBase"]
[SourceDate "2021.10.06"]
[SourceVersion "1"]
[SourceVersionDate "2021.10.06"]
[SourceQuality "1"]
[WhiteTeam "Trzin Buscotrade"]
[BlackTeam "Vrhnika"]
[WhiteTeamCountry "SLO"]
[BlackTeamCountry "SLO"]

1. e4 d6 2. d4 Nf6 3. Nc3 g6 4. f4 Bg7 5. Nf3 0-0 6. Bd3 Na6 7. a3 c5 8. d5 Rb8 9. Qe2 Nc7 10. a4 Bg4 11. 0-0 e6 12. h3 Bxf3 13. Qxf3 exd5 14. exd5 Na6 15. Bd2 Nb4 16. Rae1 Qb6 17. b3 Rbe8 18. Kh2 a6 19. f5 Qc7 20. g4 1/2-1/2

[Event "Ljubljana-chT 65th 1st League"]
[Site "Ljubljana"]
[Date "2012.03.08"]
[Round "7.1"]
[White "Racnik, Tone"]
[Black "Oberc, Marjan"]
[Result "1-0"]
[WhiteElo "2032"]
[BlackElo "2053"]
[PlyCount "69"]
[EventDate "2012.01.12"]
[EventType "team-tourn"]
[EventRounds "9"]
[EventCountry "SLO"]
[SourceTitle "EXT 2022"]
[Source "ChessBase"]
[SourceDate "2021.10.06"]
[SourceVersion "1"]
[SourceVersionDate "2021.10.06"]
[SourceQuality "1"]
[WhiteTeam "Vrhnika"]
[BlackTeam "Trzin Buscotrade"]
[WhiteTeamCountry "SLO"]
[BlackTeamCountry "SLO"]

1. e4 e6 2. d4 d5 3. e5 c5 4. c3 Nc6 5. Nf3 Qb6 6. a3 Bd7 7. b4 cxd4 8. cxd4 a5 9. b5 Nce7 10. a4 Nf5 11. Bb2 Rc8 12. Nbd2 h5 13. Bd3 Ngh6 14. 0-0 Bb4 15. Nb3 0-0 16. Rc1 h4 17. h3 Rc7 18. Rxc7 Qxc7 19. Qb1 Rc8 20. Rc1 Qd8 21. Rxc8 Qxc8 22. Qc1 b6 23. Qxc8+ Bxc8 24. Bc1 Be7 25. Bd2 Bd8 26. Nc1 f6 27. Ne2 Kf7 28. exf6 gxf6 29. Bf4 Kg7 30. Nc3 Bd7 31. Nd1 Be8 32. Bxh6+ Nxh6 33. Nxh4 e5 34. dxe5 fxe5 35. Nf5+ 1-0

[Event "Ljubljana-chT 64th 1st League"]
[Site "Ljubljana"]
[Date "2011.01.13"]
[Round "1.1"]
[White "Oberc, Marjan"]
[Black "Coklin, Marko"]
[Result "0-1"]
[WhiteElo "2065"]
[BlackElo "2208"]
[PlyCount "58"]
[EventDate "2011.01.13"]
[EventType "team-tourn"]
[EventRounds "9"]
[EventCountry "SLO"]
[SourceTitle "EXT 2022"]
[Source "ChessBase"]
[SourceDate "2021.10.06"]
[SourceVersion "1"]
[SourceVersionDate "2021.10.06"]
[SourceQuality "1"]
[WhiteTeam "Trzin Buscotrade"]
[BlackTeam "Komenda Gaber"]
[WhiteTeamCountry "SLO"]
[BlackTeamCountry "SLO"]

1. e4 c5 2. Nf3 Nc6 3. Nc3 g6 4. d4 cxd4 5. Nxd4 Bg7 6. Be3 Nf6 7. Nxc6 bxc6 8. e5 Ng8 9. f4 Nh6 10. Bd3 d6 11. Qf3 0-0 12. Qxc6 Rb8 13. 0-0 Rxb2 14. Rab1 Rxb1 15. Rxb1 dxe5 16. fxe5 Ng4 17. Bxa7 Nxe5 18. Qc5 Nxd3 19. cxd3 Qxd3 20. Rc1 Be6 21. Nb5 Rc8 22. Nc7 Bh6 23. Qc3 Qd7 24. Bb6 Bxc1 25. Qxc1 Bxa2 26. h3 Qd6 27. Ba5 Rb8 28. Kf2 Qd4+ 29. Ke2 Qe5+ 0-1

[Event "SLO-chT Central 1st League 11th"]
[Site "Slovenia"]
[Date "2010.11.11"]
[Round "8.1"]
[White "Oberc, Marjan"]
[Black "Hribar, Janez"]
[Result "1-0"]
[WhiteElo "2000"]
[BlackElo "2079"]
[PlyCount "79"]
[EventDate "2010.09.09"]
[EventType "team-tourn"]
[EventRounds "9"]
[EventCountry "SLO"]
[SourceTitle "EXT 2022"]
[Source "ChessBase"]
[SourceDate "2021.10.06"]
[SourceVersion "1"]
[SourceVersionDate "2021.10.06"]
[SourceQuality "1"]
[WhiteTeam "Trzin Buscotrade"]
[BlackTeam "Crni Graben"]
[WhiteTeamCountry "SLO"]
[BlackTeamCountry "SLO"]

1. e4 Nf6 2. e5 Nd5 3. d4 d6 4. exd6 cxd6 5. c4 Nb6 6. Be2 g6 7. Nf3 Bg7 8. Nc3 Nc6 9. Be3 Bg4 10. c5 dxc5 11. dxc5 Qxd1+ 12. Rxd1 Nd7 13. h3 Bxf3 14. gxf3 0-0-0 15. 0-0 f5 16. f4 e5 17. Nb5 Rhf8 18. b4 a6 19. Nd6+ Kc7 20. b5 axb5 21. Nxb5+ Kb8 22. Rb1 Nd4 23. Bxd4 exd4 24. c6 bxc6 25. Nxd4+ Ka8 26. Ne6 Rfe8 27. Nxd8 Rxe2 28. Nxc6 Rc2 29. Rfd1 Rxc6 30. Rxd7 Bh6 31. Rd4 Ra6 32. a4 Re6 33. a5 Ra6 34. Rb5 Re6 35. Re5 Rc6 36. Re7 Kb8 37. a6 Rc8 38. Rdd7 Rc1+ 39. Kg2 Bxf4 40. a7+ 1-0

[Event "Ljubljana-chT 63rd 1st League"]
[Site "Ljubljana"]
[Date "2010.01.14"]
[Round "2.1"]
[White "Oberc, Marjan"]
[Black "Sotirov, Pavle"]
[Result "0-1"]
[WhiteElo "2040"]
[BlackElo "1809"]
[PlyCount "87"]
[EventDate "2010.01.07"]
[EventType "team-tourn"]
[EventRounds "9"]
[EventCountry "SLO"]
[SourceTitle "EXT 2022"]
[Source "ChessBase"]
[SourceDate "2021.10.06"]
[SourceVersion "1"]
[SourceVersionDate "2021.10.06"]
[SourceQuality "1"]

1. Nf3 d5 2. d4 Nf6 3. Bf4 h6 4. e3 Bg4 5. c4 e6 6. Nc3 Bd6 7. Qa4+ c6 8. Ne5 Bf5 9. c5 Be7 10. Be2 0-0 11. 0-0 Nbd7 12. Bd3 Nxe5 13. Bxf5 exf5 14. Bxe5 Ne4 15. Nxe4 fxe4 16. f3 exf3 17. Rxf3 Bg5 18. Raf1 f6 19. Bg3 Re8 20. Bf2 h5 21. b4 a5 22. b5 Qd7 23. Rb1 Re6 24. Rb3 Qe8 25. h4 Bh6 26. bxc6 bxc6 27. Qa3 g5 28. hxg5 fxg5 29. g4 h4 30. Kf1 Re4 31. Rb6 Rxg4 32. Qa4 Rc8 33. Rf6 Bg7 34. Rfxc6 Rd8 35. Qb3 a4 36. Qd1 Qe4 37. Qb1 Qf3 38. Rb8 Rxb8 39. Qxb8+ Kh7 40. Qb1+ Re4 41. Re6 h3 42. Rxe4 dxe4 43. Qb8 Qg2+ 44. Ke1 0-1